000 00803nam a2200193Ii 4500
003 JO-AjNU
008 230605s9999||||xx |||||||||||||| ||und||
040 _aJO-AjNU
_bara
_erda
_cJO-AjNU
041 _aara
050 1 4 _aHM263 .U5 1981
100 3 _aتأليف: صادق، نبيل /م.مشارك: مصطفى حسان,
_eauthor
_917511
245 0 0 _aالعلاقات العامة في المؤسسات الاجتماعية: لجميع طلاب بكالوريس الخدمة الاجتماعية
264 3 1 _aالاسكندرية: المكتب الجامعي الحديث، 1981
300 _a206ص
336 _atext
_btxt
_2rdacontent
337 _aunmediated
_bn
_2rdamedia
338 _avolume
_bnc
_2rdacarrier
650 4 _aالعلاقات العامة - الخدمة الاجتماعية
_917512
999 _aA5422
_c8990
_d8990